[Event "Paris ch 2005"]
[Site "Paris FRA"]
[Date "2005.07.15"]
[Round "7.11"]
[White "Spielmann, Alain"]
[Black "Ghaem Maghami, Ehsan"]
[Result "0-1"]
[WhiteElo "2283"]
[BlackElo "2603"]
[PlyCount "76"]
[EventDate "2005.07.09"]
[EventType "swiss"]
[EventRounds "9"]
[EventCountry "FRA"]
[Source "lmi"]
[SourceDate "2005.07.17"]

1. Nf3 Nf6 2. c4 e6 3. Nc3 Bb4 4. Qc2 c5 5. a3 Ba5 6. e3 O-O 7. Be2 d5 8. Na4
b6 9. Rb1 Qe7 10. O-O dxc4 11. Bxc4 Bb7 12. Be2 Nbd7 13. b3 a6 14. b4 cxb4 15.
axb4 Bxb4 16. Qc7 Be4 17. d3 Bd6 18. Qc3 Rac8 19. Qa1 Bxf3 20. Bxf3 b5 21. Nc3
b4 22. Ne4 Nxe4 23. dxe4 Be5 24. Qxa6 Bc3 25. Be2 Nc5 26. Qc4 Qh4 27. f4 Rfd8
28. e5 Qe7 29. Bd1 g6 30. Bb3 Qa7 31. Qe2 Nxb3 32. Rxb3 Qa4 33. Rb1 b3 34. Qf3
Qa2 35. Qe4 b2 36. Bxb2 Bxb2 37. Rf2 Qxb1+ 38. Qxb1 Rc1+ 0-1

[Event "Paris ch 2005"]
[Site "Paris FRA"]
[Date "2005.07.15"]
[Round "7.12"]
[White "Apicella, Manuel"]
[Black "Onkoud, Abdelaziz"]
[Result "1-0"]
[WhiteElo "2553"]
[BlackElo "2361"]
[PlyCount "63"]
[EventDate "2005.07.09"]
[EventType "swiss"]
[EventRounds "9"]
[EventCountry "FRA"]
[Source "lmi"]
[SourceDate "2005.07.17"]

1. e4 c5 2. Nf3 d6 3. d4 cxd4 4. Nxd4 Nf6 5. Nc3 g6 6. Be3 Bg7 7. f3 O-O 8. Qd2
Nc6 9. Bc4 Bd7 10. h4 h5 11. Bb3 Ne5 12. Bh6 Qa5 13. Bxg7 Kxg7 14. O-O-O Rac8
15. g4 Rxc3 16. bxc3 Rc8 17. g5 Ne8 18. Kb2 Nc4+ 19. Bxc4 Rxc4 20. Nb3 Qc7 21.
Qe3 a5 22. a3 e5 23. Rhf1 Be6 24. f4 exf4 25. Rxf4 d5 26. e5 Rc6 27. Rdf1 Rb6
28. Kc1 Kg8 29. Nd4 Qc5 30. Kd2 Rb2 31. Qd3 Ng7 32. Nxe6 1-0

[Event "Paris ch 2005"]
[Site "Paris FRA"]
[Date "2005.07.15"]
[Round "7.13"]
[White "Mingachev, Mansur"]
[Black "Drasko, Milan"]
[Result "0-1"]
[WhiteElo "2337"]
[BlackElo "2516"]
[PlyCount "122"]
[EventDate "2005.07.09"]
[EventType "swiss"]
[EventRounds "9"]
[EventCountry "FRA"]
[Source "lmi"]
[SourceDate "2005.07.17"]

1. d4 e6 2. e3 Nf6 3. Bd3 b6 4. f4 c5 5. Nf3 Ba6 6. Bxa6 Nxa6 7. c3 Qc8 8. O-O
Be7 9. Nbd2 cxd4 10. exd4 Nc7 11. Ne5 O-O 12. Qe2 Qa6 13. Qxa6 Nxa6 14. f5 Rac8
15. fxe6 dxe6 16. Ndf3 Nd5 17. Bd2 f6 18. Nd3 Rc6 19. Rfe1 Rfc8 20. a3 Nac7 21.
Bf4 Ne8 22. Bg3 a5 23. a4 g5 24. Nd2 Ng7 25. Re2 Nf5 26. Bf2 h5 27. h3 h4 28.
Rd1 Kf7 29. c4 Nb4 30. Nxb4 Bxb4 31. b3 Rd6 32. Nf3 Rcd8 33. Rc1 Rc6 34. Rec2
Ba3 35. Re1 Rd7 36. Ra1 Bd6 37. Rd2 Bf4 38. Rd3 Rcd6 39. d5 exd5 40. Rxd5 Rxd5
41. cxd5 Be3 42. Bxe3 Nxe3 43. Rc1 Nxd5 44. Rd1 Ke8 45. Re1+ Re7 46. Rd1 Nf4
47. Nd4 Rd7 48. Re1+ Kf7 49. Nc6 Rd2 50. Re7+ Kg6 51. Rb7 Rxg2+ 52. Kh1 Rg3 53.
Ne7+ Kh5 54. Rxb6 Rxh3+ 55. Kg1 Re3 56. Nf5 Rd3 57. Kf2 h3 58. Rxf6 h2 59. Rf8
Kg4 60. Nh6+ Kh3 61. Rh8 Rf3+ 0-1

[Event "Paris ch 2005"]
[Site "Paris FRA"]
[Date "2005.07.15"]
[Round "7.14"]
[White "Goldsztejn, Gildas"]
[Black "Abergel, Thal"]
[Result "1/2-1/2"]
[WhiteElo "2330"]
[BlackElo "2446"]
[PlyCount "113"]
[EventDate "2005.07.09"]
[EventType "swiss"]
[EventRounds "9"]
[EventCountry "FRA"]
[Source "lmi"]
[SourceDate "2005.07.17"]

1. Nf3 Nf6 2. c4 e6 3. Nc3 Bb4 4. Qc2 d5 5. e3 Nc6 6. a3 Bd6 7. b4 dxc4 8. Bxc4
a5 9. b5 Ne7 10. Bb2 O-O 11. h4 e5 12. Ne2 Bf5 13. Qb3 a4 14. Qa2 Ne4 15. Nxe5
Bxe5 16. Bxe5 Ng6 17. Bd4 Nxh4 18. Nf4 Qg5 19. Bd5 Rad8 20. d3 Nxg2+ 21. Nxg2
Qxg2 22. O-O-O Qxf2 23. dxe4 Qxa2 24. Bxa2 Bxe4 25. Rhg1 Bg6 26. Kb2 Rd7 27.
Rc1 Ra8 28. Rc5 b6 29. Rc6 Ra5 30. Bc4 Kf8 31. Kc3 f6 32. Kb4 Ra8 33. Ba2 Bf7
34. Bb1 h5 35. Be4 Re8 36. Bf3 Ree7 37. Kxa4 Bd5 38. Bxd5 Rxd5 39. Rgc1 Rdd7
40. Kb4 h4 41. Kc4 Ke8 42. Kd3 Kd8 43. a4 Re5 44. Rxc7 Rxc7 45. Bxb6 Ree7 46.
a5 Kc8 47. Bxc7 Rxc7 48. Rb1 Kb7 49. b6 Rc8 50. Ke4 g5 51. Rf1 Re8+ 52. Kf3 Re5
53. Kg4 Re4+ 54. Kf5 Ra4 55. Kxf6 Rxa5 56. e4 h3 57. Rg1 1/2-1/2

[Event "Paris ch 2005"]
[Site "Paris FRA"]
[Date "2005.07.15"]
[Round "7.15"]
[White "Gozzoli, Yannick"]
[Black "Salaun, Yann"]
[Result "1-0"]
[WhiteElo "2444"]
[BlackElo "2345"]
[PlyCount "57"]
[EventDate "2005.07.09"]
[EventType "swiss"]
[EventRounds "9"]
[EventCountry "FRA"]
[Source "lmi"]
[SourceDate "2005.07.17"]

1. d4 Nf6 2. c4 e6 3. Nf3 d5 4. g3 Bb4+ 5. Bd2 c5 6. Bxb4 cxb4 7. Nbd2 O-O 8.
Bg2 Nc6 9. O-O Qe7 10. Qc2 Rd8 11. Rad1 Bd7 12. e4 dxe4 13. Nxe4 Rac8 14. Rfe1
Na5 15. b3 Bc6 16. Nfg5 Bxe4 17. Nxe4 Nxe4 18. Bxe4 Qf6 19. Bxh7+ Kh8 20. d5
exd5 21. Bf5 Rc5 22. Rxd5 Rcxd5 23. cxd5 g6 24. Be4 Kg7 25. Bg2 b6 26. Qc7 Rd6
27. h4 a6 28. Kh2 Qc3 29. Qxd6 1-0

[Event "Paris ch 2005"]
[Site "Paris FRA"]
[Date "2005.07.15"]
[Round "7.16"]
[White "Meinhardt, Maximilian"]
[Black "Shirazi, Kamran"]
[Result "1-0"]
[WhiteElo "2324"]
[BlackElo "2410"]
[PlyCount "71"]
[EventDate "2005.07.09"]
[EventType "swiss"]
[EventRounds "9"]
[EventCountry "FRA"]
[Source "lmi"]
[SourceDate "2005.07.17"]

1. e4 c6 2. d4 d5 3. exd5 cxd5 4. c4 Nf6 5. Nc3 a6 6. Bg5 Nbd7 7. Nf3 h6 8. Bh4
g6 9. c5 Bg7 10. Be2 O-O 11. O-O g5 12. Bg3 Ne4 13. Nxd5 e5 14. Nxe5 Nxg3 15.
hxg3 Nxe5 16. dxe5 Bxe5 17. Nb6 Rb8 18. Qc2 Qf6 19. Rad1 Bxb2 20. Rd6 Qc3 21.
Qb1 Qg7 22. Bc4 Kh8 23. Qe4 h5 24. Re1 Bg4 25. f3 Ba3 26. Qe5 Rbe8 27. Rh6+ Kg8
28. Bxf7+ Rxf7 29. Qxe8+ Rf8 30. Rg6 Bxc5+ 31. Kh2 Rxe8 32. Rxe8+ Kf7 33. Rxg7+
Kxg7 34. fxg4 Bxb6 35. Re7+ Kh6 36. Re6+ 1-0

[Event "Paris ch 2005"]
[Site "Paris FRA"]
[Date "2005.07.15"]
[Round "7.17"]
[White "Doucet, Christian"]
[Black "Pelikian, Jefferson"]
[Result "0-1"]
[WhiteElo "2277"]
[BlackElo "2405"]
[PlyCount "132"]
[EventDate "2005.07.09"]
[EventType "swiss"]
[EventRounds "9"]
[EventCountry "FRA"]
[Source "lmi"]
[SourceDate "2005.07.17"]

1. d4 Nf6 2. Nf3 g6 3. c4 Bg7 4. g3 O-O 5. Bg2 d6 6. O-O c6 7. Nc3 Qa5 8. h3
Qa6 9. b3 d5 10. cxd5 cxd5 11. Ne5 e6 12. b4 Nbd7 13. b5 Qa5 14. Bd2 Qb6 15.
Be3 Ne8 16. Bf4 Nxe5 17. dxe5 f6 18. exf6 Nxf6 19. Be5 Bd7 20. Qd4 Rfc8 21.
Rfc1 Rc4 22. Qxb6 axb6 23. a4 Rac8 24. e3 Ne8 25. Bxg7 Kxg7 26. Ne2 Nd6 27. Kf1
Ra8 28. Ke1 Kf6 29. Nc3 g5 30. Kd2 Be8 31. Bf1 Rc5 32. Be2 Rac8 33. f3 e5 34.
e4 dxe4 35. Nxe4+ Nxe4+ 36. fxe4 Rxc1 37. Rxc1 Rxc1 38. Kxc1 Bg6 39. Bd3 Ke7
40. Kd2 Kd6 41. Kc3 Kc5 42. Bc2 Bf7 43. Bd1 Be6 44. h4 gxh4 45. gxh4 Bh3 46.
Kd3 Kb4 47. Ke3 Be6 48. h5 h6 49. Kf3 Kc3 50. Kg3 Kd4 51. Bf3 Ke3 52. Bg2 Bd7
53. Bf3 Bc8 54. Bg2 Be6 55. Bh1 Bd7 56. Bg2 Be8 57. Bh3 Bxh5 58. Bc8 Kd4 59.
Bxb7 Bd1 60. Bc6 Bxa4 61. Kg4 Bc2 62. Kh5 Bxe4 63. Kxh6 Bd5 64. Kg5 e4 65. Kf4
e3 66. Kg3 Kc3 0-1

[Event "Paris ch 2005"]
[Site "Paris FRA"]
[Date "2005.07.15"]
[Round "7.18"]
[White "Serafimov, Tervel"]
[Black "Roos, Jean-Luc"]
[Result "1-0"]
[WhiteElo "2405"]
[BlackElo "2285"]
[PlyCount "59"]
[EventDate "2005.07.09"]
[EventType "swiss"]
[EventRounds "9"]
[EventCountry "FRA"]
[Source "lmi"]
[SourceDate "2005.07.17"]

1. c4 e5 2. Nc3 Nf6 3. g3 d5 4. cxd5 Nxd5 5. Bg2 Nb6 6. Nf3 Nc6 7. O-O Be7 8.
d3 O-O 9. a3 Be6 10. b4 f6 11. Bb2 a5 12. b5 Nd4 13. Nd2 c6 14. bxc6 Nxc6 15.
Na4 Rb8 16. Nxb6 Qxb6 17. Bc3 Rfc8 18. Nc4 Qa6 19. Qd2 Nd4 20. Bxd4 exd4 21.
Nxa5 b5 22. Rfb1 Rc3 23. Qf4 Rb6 24. Nb7 Rxb7 25. Bxb7 Qxb7 26. Qxd4 Rxa3 27.
Rxa3 Bxa3 28. Qd8+ Kf7 29. Qa5 b4 30. Qxa3 1-0

[Event "Paris ch 2005"]
[Site "Paris FRA"]
[Date "2005.07.15"]
[Round "7.19"]
[White "Marzolo, Cyril"]
[Black "Hess, Robert L"]
[Result "0-1"]
[WhiteElo "2388"]
[BlackElo "2278"]
[PlyCount "74"]
[EventDate "2005.07.09"]
[EventType "swiss"]
[EventRounds "9"]
[EventCountry "FRA"]
[Source "lmi"]
[SourceDate "2005.07.17"]

1. d4 Nf6 2. c4 e6 3. Nc3 Bb4 4. Nf3 O-O 5. Bg5 h6 6. Bh4 c5 7. a3 Bxc3+ 8.
bxc3 Qa5 9. Bxf6 Qxc3+ 10. Nd2 gxf6 11. d5 f5 12. g3 d6 13. Bg2 Qf6 14. O-O e5
15. f4 e4 16. e3 Qg6 17. g4 Kh7 18. Qe2 Rg8 19. g5 Nd7 20. h4 hxg5 21. hxg5 f6
22. Qf2 Qh5 23. Qg3 fxg5 24. Qh2 Qxh2+ 25. Kxh2 Nf6 26. Bh3 g4 27. Bg2 Kg6 28.
Kg3 Bd7 29. Rfb1 Rab8 30. a4 Ne8 31. Rh1 Nc7 32. Nxe4 fxe4 33. Bxe4+ Bf5 34.
Bg2 Rbe8 35. Rae1 Be4 36. Rh4 Bxg2 37. Kxg2 Re4 0-1

[Event "Paris ch 2005"]
[Site "Paris FRA"]
[Date "2005.07.15"]
[Round "7.20"]
[White "Marcelin, Cyril"]
[Black "Amigues, Emmanuel"]
[Result "1/2-1/2"]
[WhiteElo "2481"]
[BlackElo "2317"]
[PlyCount "55"]
[EventDate "2005.07.09"]
[EventType "swiss"]
[EventRounds "9"]
[EventCountry "FRA"]
[Source "lmi"]
[SourceDate "2005.07.17"]

1. d4 Nf6 2. c4 e6 3. Nf3 d5 4. g3 c6 5. Bg2 dxc4 6. a4 b5 7. O-O Bb7 8. Bg5
Nbd7 9. Nc3 a6 10. Ne5 Nxe5 11. dxe5 Qxd1 12. Rfxd1 Nd5 13. axb5 cxb5 14. Nxd5
exd5 15. Bxd5 Bxd5 16. Rxd5 Be7 17. e6 Bxg5 18. Rxg5 O-O 19. e7 Rfe8 20. Rd5 f6
21. Kf1 Kf7 22. Rd6 Rxe7 23. Raxa6 Rxa6 24. Rxa6 Rd7 25. Ke1 f5 26. Rb6 Rd5 27.
f3 g5 28. e4 1/2-1/2

[Event "Paris ch 2005"]
[Site "Paris FRA"]
[Date "2005.07.15"]
[Round "7.21"]
[White "Reinaldo Castineira, Roi"]
[Black "Zozulia, Anna"]
[Result "1-0"]
[WhiteElo "2447"]
[BlackElo "2314"]
[PlyCount "71"]
[EventDate "2005.07.09"]
[EventType "swiss"]
[EventRounds "9"]
[EventCountry "FRA"]
[Source "lmi"]
[SourceDate "2005.07.17"]

1. c4 Nf6 2. Nc3 g6 3. g3 Bg7 4. Bg2 O-O 5. Nf3 d6 6. O-O c6 7. d3 a5 8. a3 e5
9. Rb1 h6 10. b4 axb4 11. axb4 Be6 12. b5 Nbd7 13. Nd2 d5 14. Qb3 Qe7 15. Bb2
Rfc8 16. Ra1 Nc5 17. Qb4 Bf8 18. cxd5 cxd5 19. d4 exd4 20. Qxd4 Bg7 21. Qb4
Rxa1 22. Rxa1 Qd7 23. Rd1 Bh3 24. Bf3 Qf5 25. Nf1 Bxf1 26. Kxf1 Nce4 27. Nxd5
Nxd5 28. Qxe4 Qxe4 29. Bxe4 Bxb2 30. Rxd5 f5 31. Bf3 Rb8 32. Rd6 b6 33. Rxg6+
Bg7 34. e3 Kh7 35. Rd6 Bf8 36. Rf6 1-0

[Event "Paris ch 2005"]
[Site "Paris FRA"]
[Date "2005.07.15"]
[Round "7.22"]
[White "Glicenstein, Asher"]
[Black "Chabanon, Jean-Luc"]
[Result "1/2-1/2"]
[WhiteElo "2301"]
[BlackElo "2426"]
[PlyCount "50"]
[EventDate "2005.07.09"]
[EventType "swiss"]
[EventRounds "9"]
[EventCountry "FRA"]
[Source "lmi"]
[SourceDate "2005.07.17"]

1. Nf3 Nf6 2. c4 e6 3. g3 d5 4. b3 d4 5. Bb2 c5 6. e3 Nc6 7. exd4 cxd4 8. Bg2
Bc5 9. O-O O-O 10. a3 a5 11. d3 Re8 12. Nbd2 h6 13. b4 axb4 14. Nb3 Bf8 15.
axb4 Rxa1 16. Bxa1 e5 17. b5 Nb4 18. Ne1 Bg4 19. Qd2 Qd7 20. Nc2 Nxc2 21. Qxc2
Bh3 22. Qa2 h5 23. Bxh3 Qxh3 24. f3 g6 25. Qe2 Bh6 1/2-1/2

[Event "Paris ch 2005"]
[Site "Paris FRA"]
[Date "2005.07.15"]
[Round "7.23"]
[White "Greiff, Hakan"]
[Black "Philippe, Christophe"]
[Result "1/2-1/2"]
[WhiteElo "2244"]
[BlackElo "2411"]
[PlyCount "149"]
[EventDate "2005.07.09"]
[EventType "swiss"]
[EventRounds "9"]
[EventCountry "FRA"]
[Source "lmi"]
[SourceDate "2005.07.17"]

1. e4 c5 2. Nf3 Nc6 3. Nc3 g6 4. d4 cxd4 5. Nxd4 Bg7 6. Be3 Nf6 7. Bc4 Qa5 8.
O-O O-O 9. Bb3 d6 10. h3 Bd7 11. Re1 Nxd4 12. Bxd4 Bc6 13. Nd5 Bxd5 14. exd5
Rfe8 15. Bxf6 Bxf6 16. c3 Qc5 17. Re4 b5 18. Rc1 a5 19. a3 Rab8 20. h4 h5 21.
Rc2 Kg7 22. g3 Rec8 23. Kg2 Qa7 24. Rce2 Qd7 25. Qd3 Qf5 26. Qe3 Rc7 27. Rf4
Qd7 28. Qf3 b4 29. axb4 axb4 30. c4 Ra7 31. g4 hxg4 32. Rxg4 Rh8 33. Qg3 Rh6
34. Bc2 Ra8 35. Re1 Rah8 36. Rh1 Kf8 37. b3 Qa7 38. f4 Qa2 39. Qd3 Rxh4 40.
Rhxh4 Rxh4 41. Rxh4 Bxh4 42. f5 g5 43. c5 dxc5 44. d6 Qa8+ 45. Kh3 exd6 46.
Qxd6+ Kg8 47. Qxc5 Qf3+ 48. Kh2 g4 49. Qc8+ Kg7 50. Qc5 Bg5 51. Qd4+ Bf6 52.
Qe4 Qh3+ 53. Kg1 g3 54. Qg2 Qg4 55. Qe4 Qh5 56. Kf1 Bc3 57. Bd3 Bf6 58. Bc2 Qg5
59. Bd1 Qc1 60. Qe2 Bg5 61. Kg2 Bf4 62. Qg4+ Kf6 63. Qh4+ Kxf5 64. Qh5+ Kf6 65.
Qh8+ Ke7 66. Qh4+ f6 67. Qh7+ Kd6 68. Qd3+ Ke7 69. Qh7+ Kd8 70. Qd3+ Ke7 71.
Qh7+ Kd6 72. Qd3+ Kc7 73. Qc2+ Qxc2+ 74. Bxc2 Kd6 75. Be4 1/2-1/2

[Event "Paris ch 2005"]
[Site "Paris FRA"]
[Date "2005.07.15"]
[Round "7.24"]
[White "Blazkova, Petra"]
[Black "Zaragatski, Ilja"]
[Result "1/2-1/2"]
[WhiteElo "2276"]
[BlackElo "2389"]
[PlyCount "47"]
[EventDate "2005.07.09"]
[EventType "swiss"]
[EventRounds "9"]
[EventCountry "FRA"]
[Source "lmi"]
[SourceDate "2005.07.17"]

1. e4 e6 2. d4 d5 3. exd5 exd5 4. c4 Nf6 5. Nc3 Be7 6. Nf3 O-O 7. cxd5 Nbd7 8.
Bd3 Nb6 9. Qc2 Nbxd5 10. a3 Nxc3 11. bxc3 c5 12. O-O b6 13. Ng5 h6 14. Nh7 Nxh7
15. Bxh7+ Kh8 16. Be4 Rb8 17. dxc5 bxc5 18. Bf4 Rb6 19. Rfd1 Bd7 20. Rab1 Qc8
21. Rxb6 axb6 22. c4 Bf6 23. Rd6 Re8 24. h3 1/2-1/2

[Event "Paris ch 2005"]
[Site "Paris FRA"]
[Date "2005.07.15"]
[Round "7.25"]
[White "Spiridonov, Nikola"]
[Black "Boukobza, Adrien"]
[Result "1-0"]
[WhiteElo "2381"]
[BlackElo "2164"]
[PlyCount "89"]
[EventDate "2005.07.09"]
[EventType "swiss"]
[EventRounds "9"]
[EventCountry "FRA"]
[Source "lmi"]
[SourceDate "2005.07.17"]

1. c4 e6 2. Nf3 d5 3. g3 c6 4. Qc2 Bd6 5. Bg2 Nf6 6. O-O O-O 7. d4 Ne4 8. b3
Qe7 9. Bb2 Nd7 10. Ne5 f5 11. e3 Qg5 12. Nd2 Nxd2 13. Qxd2 Nxe5 14. dxe5 Be7
15. cxd5 exd5 16. b4 a6 17. Bd4 Be6 18. Rfc1 Rac8 19. Bc5 Bxc5 20. Rxc5 Rfd8
21. Qd4 Qe7 22. Rac1 Rc7 23. a3 Rdc8 24. R5c3 Bf7 25. f4 Be6 26. h4 Kf7 27. Bf3
g6 28. Kf2 h6 29. Qb6 Rh8 30. a4 Rhc8 31. Rc5 Qd7 32. b5 axb5 33. axb5 h5 34.
Qa5 Rb8 35. bxc6 bxc6 36. Bxd5 Rb2+ 37. Kf3 Rc8 38. Bxe6+ Kxe6 39. Qc3 Rb6 40.
Qc4+ Ke7 41. Rd5 Qb7 42. Qc5+ Ke8 43. Rd6 Rb5 44. Qc4 c5+ 45. Qd5 1-0

[Event "Paris ch 2005"]
[Site "Paris FRA"]
[Date "2005.07.15"]
[Round "7.26"]
[White "Romieux, Sebastien"]
[Black "Ak Hirawan, Mohd Omar"]
[Result "1-0"]
[WhiteElo "2238"]
[BlackElo "2364"]
[PlyCount "55"]
[EventDate "2005.07.09"]
[EventType "swiss"]
[EventRounds "9"]
[EventCountry "FRA"]
[Source "lmi"]
[SourceDate "2005.07.17"]

1. e4 e6 2. d4 d5 3. Nd2 Nf6 4. e5 Nfd7 5. Bd3 c5 6. c3 Nc6 7. Ndf3 cxd4 8.
cxd4 f6 9. exf6 Nxf6 10. Nh3 Bd6 11. O-O Qc7 12. Bg5 O-O 13. Rc1 Qf7 14. Bf4
Bxf4 15. Nxf4 Ne4 16. g3 g5 17. Bxe4 dxe4 18. Nxg5 Qf5 19. Ngxe6 Bxe6 20. Nxe6
Rf6 21. Nf4 Rd8 22. Rc5 Qd7 23. Rg5+ Kh8 24. d5 Rf5 25. Qh5 Nd4 26. Ng6+ Kg7
27. Ne5+ Kh8 28. Rxf5 1-0

[Event "Paris ch 2005"]
[Site "Paris FRA"]
[Date "2005.07.15"]
[Round "7.27"]
[White "Struk, Jerzy"]
[Black "Calistri, Tristan"]
[Result "0-1"]
[WhiteElo "2232"]
[BlackElo "2389"]
[PlyCount "94"]
[EventDate "2005.07.09"]
[EventType "swiss"]
[EventRounds "9"]
[EventCountry "FRA"]
[Source "lmi"]
[SourceDate "2005.07.17"]

1. e4 e6 2. d4 d5 3. Nc3 Bb4 4. e5 c5 5. a3 Bxc3+ 6. bxc3 Qc7 7. Nf3 b6 8. Bd3
Ba6 9. O-O Ne7 10. a4 Bxd3 11. cxd3 Nd7 12. Ba3 O-O 13. dxc5 bxc5 14. d4 Nc6
15. Ng5 h6 16. Nh3 Rfc8 17. Qh5 cxd4 18. f4 dxc3 19. Bd6 Qb6+ 20. Kh1 Nd4 21.
g4 c2 22. Ng5 hxg5 23. f5 exf5 24. Qxg5 Qb3 25. gxf5 Qd3 26. Rg1 Qe4+ 27. Rg2
c1=Q+ 28. Rxc1 Rxc1+ 29. Qxc1 Nxf5 30. Kg1 Qe3+ 31. Qxe3 Nxe3 32. Rd2 Rc8 33.
Kf2 Ng4+ 34. Kg3 Ngxe5 35. Rxd5 Rc3+ 36. Kg2 Ng6 37. Ra5 Rc6 38. Bg3 a6 39. Rd5
Nb6 40. Rd8+ Kh7 41. Rd4 f6 42. Rb4 Rc2+ 43. Kf3 Rc3+ 44. Kg2 Nc4 45. Rb7 Ra3
46. Rb4 Nge5 47. Kh3 a5 0-1

[Event "Paris ch 2005"]
[Site "Paris FRA"]
[Date "2005.07.15"]
[Round "7.28"]
[White "Leconte, Maria"]
[Black "Garcia Castro, Pablo"]
[Result "0-1"]
[WhiteElo "2296"]
[BlackElo "2377"]
[PlyCount "72"]
[EventDate "2005.07.09"]
[EventType "swiss"]
[EventRounds "9"]
[EventCountry "FRA"]
[Source "lmi"]
[SourceDate "2005.07.17"]

1. e4 e5 2. Nc3 Nf6 3. Nf3 d6 4. Bc4 Be7 5. d3 c6 6. a4 Nbd7 7. O-O O-O 8. Ba2
a5 9. Ne2 Nc5 10. c3 Bg4 11. Ng3 Ne8 12. d4 Bxf3 13. Qxf3 Nxa4 14. Nf5 Bg5 15.
dxe5 Bxc1 16. Raxc1 dxe5 17. Qg3 Qd2 18. Qxe5 Nxb2 19. Bb1 Qd8 20. c4 Nd3 21.
Bxd3 Qxd3 22. Rfd1 Qb3 23. Rd7 a4 24. h3 a3 25. Rc3 Qb2 26. Nh6+ Kh8 27. Nxf7+
Rxf7 28. Rxf7 Nf6 29. Rxf6 a2 30. Re6 a1=Q+ 31. Kh2 Rf8 32. Qf5 Kg8 33. Rf6
Rxf6 34. Qc8+ Rf8 35. Qe6+ Kh8 36. Rf3 Qe5+ 0-1

[Event "Paris ch 2005"]
[Site "Paris FRA"]
[Date "2005.07.15"]
[Round "7.29"]
[White "Draoui, Najib"]
[Black "Verdier, Patrice"]
[Result "1-0"]
[WhiteElo "2374"]
[BlackElo "2252"]
[PlyCount "59"]
[EventDate "2005.07.09"]
[EventType "swiss"]
[EventRounds "9"]
[EventCountry "FRA"]
[Source "lmi"]
[SourceDate "2005.07.17"]

1. e4 c5 2. Nf3 d6 3. d4 cxd4 4. Nxd4 Nf6 5. Nc3 a6 6. h3 e5 7. Nde2 Be7 8. g4
h6 9. Bg2 b5 10. O-O Bb7 11. Be3 Nbd7 12. Nd5 Nxd5 13. exd5 h5 14. Ng3 hxg4 15.
hxg4 g6 16. Qd2 Nf6 17. Bf3 Nh7 18. Kg2 Qd7 19. Rh1 O-O-O 20. a4 b4 21. Qxb4 f5
22. gxf5 gxf5 23. Ra3 f4 24. Ba7 Rdg8 25. Qb6 Bd8 26. Rc3+ Bc7 27. Be4 f3+ 28.
Kf1 Rf8 29. Bf5 Rxf5 30. Nxf5 1-0

[Event "Paris ch 2005"]
[Site "Paris FRA"]
[Date "2005.07.15"]
[Round "7.30"]
[White "Elbilia, Jacques"]
[Black "Guadalpi, David"]
[Result "1/2-1/2"]
[WhiteElo "2336"]
[BlackElo "2300"]
[PlyCount "38"]
[EventDate "2005.07.09"]
[EventType "swiss"]
[EventRounds "9"]
[EventCountry "FRA"]
[Source "lmi"]
[SourceDate "2005.07.17"]

1. d4 Nf6 2. c4 e6 3. Nc3 d5 4. cxd5 exd5 5. Bg5 c6 6. Qc2 Be7 7. e3 O-O 8. Bd3
Nbd7 9. Nf3 Re8 10. O-O-O Nf8 11. Kb1 Be6 12. Rdg1 Rc8 13. Bxf6 Bxf6 14. g4 c5
15. g5 Be7 16. h4 c4 17. Bf5 b5 18. Bxe6 Nxe6 19. Qf5 b4 1/2-1/2

[Event "Paris ch 2005"]
[Site "Paris FRA"]
[Date "2005.07.15"]
[Round "7.31"]
[White "Paredes Galan, Angel"]
[Black "Morelle, Ludovic"]
[Result "1-0"]
[WhiteElo "2334"]
[BlackElo "2232"]
[PlyCount "97"]
[EventDate "2005.07.09"]
[EventType "swiss"]
[EventRounds "9"]
[EventCountry "FRA"]
[Source "lmi"]
[SourceDate "2005.07.17"]

1. e4 g6 2. d4 Bg7 3. Nf3 c6 4. Bd3 d5 5. e5 Nh6 6. Nc3 f6 7. h4 Bg4 8. exf6
exf6 9. Bf4 Qe7+ 10. Ne2 Nf5 11. c3 Nd7 12. Qc2 Bh6 13. O-O-O O-O-O 14. Bxh6
Nxh6 15. Nh2 Bf5 16. Nf4 Qd6 17. g3 Bxd3 18. Nxd3 Rhe8 19. Rde1 Nf8 20. Qd2 Nf5
21. Ng4 h5 22. Ne3 Ng7 23. Ng2 Qd7 24. Rxe8 Rxe8 25. Re1 Nf5 26. Ngf4 b6 27.
Kc2 Re4 28. Nb4 a5 29. Nbd3 Qe7 30. Kd1 Nd6 31. b3 Nb5 32. Rxe4 Qxe4 33. Kc2 c5
34. dxc5 bxc5 35. Qe3 Qxe3 36. fxe3 c4 37. Nc5 Kc7 38. b4 axb4 39. cxb4 Kd6 40.
a4 Na7 41. Kc3 f5 42. Na6 Nc8 43. b5 Nb6 44. a5 Na4+ 45. Kc2 Nd7 46. Nxg6 Nf6
47. b6 Kc6 48. Ne7+ Kb5 49. b7 1-0

[Event "Paris ch 2005"]
[Site "Paris FRA"]
[Date "2005.07.15"]
[Round "7.32"]
[White "Le Quang, Kim"]
[Black "Demarre, Jacques"]
[Result "1/2-1/2"]
[WhiteElo "2330"]
[BlackElo "2221"]
[PlyCount "106"]
[EventDate "2005.07.09"]
[EventType "swiss"]
[EventRounds "9"]
[EventCountry "FRA"]
[Source "lmi"]
[SourceDate "2005.07.17"]

1. c4 Nf6 2. g3 g6 3. Bg2 Bg7 4. Nc3 O-O 5. d3 d6 6. Bg5 h6 7. Bd2 c5 8. Nf3
Nc6 9. O-O e6 10. a3 d5 11. cxd5 exd5 12. Na4 b6 13. b4 cxb4 14. axb4 Bb7 15.
b5 Ne7 16. Nd4 Nd7 17. Be3 Nc5 18. Rb1 Rb8 19. Rb4 Qd7 20. Qd2 Kh7 21. Rfb1
Rbc8 22. h4 h5 23. Kh2 Ne6 24. Bh3 f5 25. Nxe6 Qxe6 26. Bd4 Bxd4 27. Rxd4 Ng8
28. Nc3 Nf6 29. Ra1 Ng4+ 30. Kg1 Qe5 31. e3 Ra8 32. Rda4 d4 33. exd4 Qb8 34.
Ne2 Bf3 35. Nf4 Re8 36. d5 Qb7 37. Qa2 Re7 38. d6 Rg7 39. Qe6 Qd7 40. Re1 Qxb5
41. Rc4 Bc6 42. Rxc6 Qxc6 43. Bg2 Qc5 44. Qa2 Rf8 45. Ne6 Qxd6 46. d4 Kh8 47.
d5 Re8 48. Qb2 Qe7 49. Rc1 Qf6 50. Qxf6 Nxf6 51. Nxg7 Kxg7 52. Rc7+ Kh6 53.
Rxa7 Rd8 1/2-1/2

[Event "Paris ch 2005"]
[Site "Paris FRA"]
[Date "2005.07.15"]
[Round "7.33"]
[White "Zharkov, Hleb"]
[Black "Rrhioua, Tarik"]
[Result "0-1"]
[WhiteElo "2219"]
[BlackElo "2315"]
[PlyCount "52"]
[EventDate "2005.07.09"]
[EventType "swiss"]
[EventRounds "9"]
[EventCountry "FRA"]
[Source "lmi"]
[SourceDate "2005.07.17"]

1. d4 Nf6 2. Nf3 g6 3. c4 Bg7 4. Nc3 O-O 5. e4 d6 6. Be2 e5 7. d5 a5 8. Bg5 Na6
9. Nd2 h6 10. Bh4 Nc5 11. b3 g5 12. Bg3 h5 13. Bxh5 Nd3+ 14. Kf1 g4 15. Bh4
Nxf2 16. Bxf2 Nxh5 17. g3 Bh6 18. Qe1 Qg5 19. Rd1 f5 20. exf5 Bxf5 21. Nde4 Qg6
22. Kg2 Nf6 23. Nxf6+ Rxf6 24. Qe2 Raf8 25. Rhf1 Bc2 26. Rg1 Rf3 0-1

[Event "Paris ch 2005"]
[Site "Paris FRA"]
[Date "2005.07.15"]
[Round "7.35"]
[White "Simon, Olivier"]
[Black "Peyrat, Olivier"]
[Result "1/2-1/2"]
[WhiteElo "2315"]
[BlackElo "2265"]
[PlyCount "31"]
[EventDate "2005.07.09"]
[EventType "swiss"]
[EventRounds "9"]
[EventCountry "FRA"]
[Source "lmi"]
[SourceDate "2005.07.17"]

1. e4 e6 2. d4 d5 3. Nc3 dxe4 4. Nxe4 Bd7 5. Nf3 Bc6 6. Bd3 Nd7 7. c3 Be7 8.
Qe2 Ngf6 9. Ned2 a5 10. Nc4 Bxf3 11. Qxf3 c6 12. Bf4 O-O 13. a4 Nb6 14. O-O
Nxc4 15. Bxc4 Nd5 16. Rad1 1/2-1/2

[Event "Paris ch 2005"]
[Site "Paris FRA"]
[Date "2005.07.15"]
[Round "7.36"]
[White "Becker, Martin"]
[Black "Callet, Emmanuel"]
[Result "1-0"]
[WhiteElo "2310"]
[BlackElo "2223"]
[PlyCount "67"]
[EventDate "2005.07.09"]
[EventType "swiss"]
[EventRounds "9"]
[EventCountry "FRA"]
[Source "lmi"]
[SourceDate "2005.07.17"]

1. d4 Nf6 2. c4 d6 3. Nc3 Nbd7 4. e4 e5 5. Nf3 Be7 6. Be2 O-O 7. O-O c6 8. Qc2
a6 9. Rd1 Qc7 10. Rb1 Re8 11. b4 exd4 12. Nxd4 Bf8 13. a3 b6 14. Bf4 Ne5 15.
Bg3 c5 16. Nd5 Qd8 17. Nb3 Nxd5 18. cxd5 Bd7 19. f4 Ng6 20. Bd3 Bb5 21. bxc5
bxc5 22. Bc4 Qd7 23. Nd2 Qg4 24. Rf1 h5 25. a4 Bxc4 26. Nxc4 h4 27. h3 Qxg3 28.
Rf3 Qxf3 29. gxf3 Nxf4 30. Kh2 Rab8 31. a5 Rxb1 32. Qxb1 f5 33. e5 g6 34. e6
1-0